000 00375nam a22001217a 4500
999 _c1018
_d1018
005 20200821090006.0
008 200821b ||||| |||| 00| 0 eng d
020 _a0201002213
040 _cCML
245 _aMicroteaching.
_cAllen, D., Ryan, K.
260 _aMassachusetts
_bAddison-Wesley Publishing Company
_c1969
942 _2ddc
_cBK
_e1st Edition
_h371.3
_mALL